000 00533nam a2200181Ia 4500
008 191130s2008##################000#0#eng##
020 _a9781407103709
040 _aACL
_cACL
082 _a823.92 PRI
100 _aPriestley, Chris
245 _aBattle of Britain : a second World War Spitfire pilot, 1939-1941
_cChris Priestley
260 _aNew York
_bScholastic
_c2008
300 _a122 p. : ill. ; 20 cm
650 _aWorld War
990 _a5d817e79ac10000c241195a7072cc221
991 _a176415
999 _c246787
_d246787